000 01621cam a22004574i 4500
003 PE-LiUPU
005 20250731173017.0
008 150623s1998 gaua rb 000 0 eng d
020 _a1573121843
035 _a(Sirsi) i9781573121842
040 _aPE-LiUPU
_bspa
_cPE-LiUPU
_erda
049 _aPRUA
082 0 4 _a215
_bH39
_221
100 1 _aHenry, Granville C.,
_eautor.
245 1 0 _aChristianity and the images of science /
_cGranville C. Henry.
264 1 _aMacon, Georgia :
_bSmyth and Helwys Publishing, Inc.,
_c1998.
300 _a248 páginas :
_bilustraciones ;
_c23 centímetros
336 _atext
_2rdacontent
337 _aunmediated
_2rdamedia
338 _avolume
_2rdacarrier
504 _aIncluye bibliografía.
505 0 _aAncient science its impact on orthodox theology -- Classical sciece its challenge by contemporary science, and issues of modern theology -- Contemporary science and theology.
526 _aSEG42
526 _aSEG41
526 _aSEG40
526 _aSEG39
526 _aP94
526 _aP87
526 _aP86
526 _aP85
526 _aP77
526 _aP76
526 _aP35
650 0 4 _aReligión y ciencia.
942 _2ddc
_cBOOK
949 _a215 H39
_wDEWEY
_c1
_i47330
_lCCODEBUL1
_mBUL
_r0
_sY
_tBOOK
_u2015-6-24
_xTEOLOGIA
_PP35
_0COMPRA
_o.STAFF. Colección General
994 _aC0
_bPEPRU
596 _a1
999 _a215 H39
_wDEWEY
_c23881
_i47330
_f2021-11-9
_g5
_lCCODEBUL1
_mBUL
_p14.87
_r0
_sY
_tBOOK
_u2015-6-24
_xTEOLOGIA
_PP35
_0COMPRA
_o.STAFF. Colección Teología
_d23881
980 _81
_gALBERTO SANCHEZ Responsable de Automatización